| 000 | 00516nam a2200145Ia 4500 | ||
|---|---|---|---|
| 003 | OSt | ||
| 005 | 20260331135018.0 | ||
| 008 | 211028s2011 xx 000 0 und d | ||
| 040 | _cAIMIT LIBRARY | ||
| 041 | _aeng | ||
| 100 |
_aAhammad, Nisar;James, Justine. _g916023 _96786 |
||
| 245 | _aAn analysis of factors affecting the customers to utilize the services provided by event management companies with special reference to Manipal ace, Mangalore / | ||
| 260 |
_aMangalore _bJames, Justine _c2011 |
||
| 942 |
_2ddc _cPRO |
||
| 999 |
_c218356 _d218356 |
||